[Event "Langley op"]
[Site "Langley"]
[Date "2018.09.03"]
[Round "5.6"]
[White "Pangilinan, Emmanuel"]
[Black "Gu, Chuyang"]
[Result "0-1"]
[WhiteElo "1661"]
[BlackElo "1880"]
[PlyCount "130"]
[EventDate "2018.09.01"]
[EventType "swiss"]
[EventRounds "6"]
[EventCountry "CAN"]
[SourceTitle "EXT 2022"]
[Source "ChessBase"]
[SourceDate "2021.10.06"]
[SourceVersion "1"]
[SourceVersionDate "2021.10.06"]
[SourceQuality "1"]

1. e4 c5 2. f4 d5 3. exd5 Nf6 4. Nf3 Nxd5 5. Bc4 g6 6. 0-0 Bg7 7. c3 Nc6 8. a3 0-0 9. d3 Bf5 10. Nh4 Bc8 11. f5 e6 12. fxe6 Bxe6 13. Nf3 Bg4 14. h3 Bf5 15. Bg5 Qd6 16. Qd2 Nb6 17. Bb5 Na5 18. Qc2 c4 19. Nbd2 Bxd3 20. Qd1 Bxf1 21. Kxf1 h6 22. Bh4 a6 23. Ba4 Nd5 24. Bf2 Nf4 25. Bc2 b5 26. Kg1 Rfe8 27. Qf1 Ne2+ 28. Kh1 Ng3+ 29. Bxg3 Qxg3 30. Ne4 Qf4 31. g3 Qc7 32. Qf2 Qc6 33. Ned2 Rad8 34. Kh2 Nb7 35. Rf1 f5 36. Nh4 Re6 37. Bd1 Nc5 38. Ndf3 Ne4 39. Qg1 Be5 40. Nxe5 Rd2+ 41. Ng2 Rxe5 42. Bf3 Qc7 43. Bxe4 Rxe4 44. Rf2 Ree2 45. Rxe2 Rxe2 46. Qf1 Rxb2 47. Qf3 Kh7 48. Kh1 Rb1+ 49. Kh2 Qa7 50. Qe3 Qxe3 51. Nxe3 Rb3 52. Nd5 Rxa3 53. Kg2 Ra2+ 54. Kf1 Rd2 55. Nc7 Rd3 56. Nxa6 Rxc3 57. g4 Ra3 58. Nb4 c3 59. gxf5 gxf5 60. Ke2 Rb3 61. Nd5 b4 62. Kd3 Rb2 63. Ke3 c2 64. Kd2 b3 65. Kc1 Rb1+ 0-1

[Event "Langley op"]
[Site "Langley"]
[Date "2018.09.02"]
[Round "3.1"]
[White "Sohal, Tanraj"]
[Black "Gu, Chuyang"]
[Result "1-0"]
[WhiteElo "2393"]
[BlackElo "1880"]
[PlyCount "53"]
[EventDate "2018.09.01"]
[EventType "swiss"]
[EventRounds "6"]
[EventCountry "CAN"]
[SourceTitle "EXT 2022"]
[Source "ChessBase"]
[SourceDate "2021.10.06"]
[SourceVersion "1"]
[SourceVersionDate "2021.10.06"]
[SourceQuality "1"]

1. d4 Nf6 2. c4 e6 3. Nf3 b6 4. g3 Bb7 5. Bg2 Be7 6. 0-0 0-0 7. Nc3 Na6 8. a3 c5 9. d5 exd5 10. cxd5 d6 11. e4 Nd7 12. Re1 Nc7 13. Bf4 c4 14. Nd4 Nc5 15. Bf1 Ba6 16. Nc6 Qd7 17. e5 Ne8 18. Qh5 Bd8 19. Rad1 Nd3 20. Bxd3 cxd3 21. Nb4 dxe5 22. Bxe5 Bc4 23. Nxd3 Nf6 24. Qf3 Bxd5 25. Nxd5 Qxd5 26. Qxd5 Nxd5 27. Bd6 1-0

[Event "White Rock Semiahmoo op"]
[Site "White Rock"]
[Date "2018.08.06"]
[Round "5.8"]
[White "Gu, Chuyang"]
[Black "Chung, Alec"]
[Result "1-0"]
[WhiteElo "1842"]
[BlackElo "1938"]
[PlyCount "78"]
[EventDate "2018.08.04"]
[EventType "swiss"]
[EventRounds "6"]
[EventCountry "CAN"]
[SourceTitle "EXT 2022"]
[Source "ChessBase"]
[SourceDate "2021.10.06"]
[SourceVersion "1"]
[SourceVersionDate "2021.10.06"]
[SourceQuality "1"]

1. e4 c5 2. Nf3 d6 3. d4 cxd4 4. Nxd4 Nf6 5. Nc3 a6 6. Bg5 e6 7. f4 Be7 8. Qf3 Nbd7 9. 0-0-0 h6 10. Bh4 Qc7 11. Be2 b5 12. Qg3 0-0 13. Bf3 b4 14. Nce2 Bb7 15. e5 dxe5 16. fxe5 Nd5 17. Bxe7 Nxe7 18. Bxb7 Qxb7 19. Nf4 Rac8 20. Rhe1 Qc7 21. Rd2 Nc5 22. Nh5 Ng6 23. h4 Rfd8 24. Nxg7 Na4 25. Ngxe6 Qc4 26. Qb3 fxe6 27. Qg3 Rxd4 28. Qxg6+ Kh8 29. Rxd4 Qxd4 30. Qxh6+ Kg8 31. Qxe6+ Kh7 32. Qxc8 Qxb2+ 33. Kd2 Qd4+ 34. Ke2 Nc3+ 35. Kf1 Qf4+ 36. Kg1 Kg7 37. Qd7+ Kg8 38. Qe6+ Kh7 39. Qe7+ Kg8 1-0

[Event "Victoria Grand Pacific op"]
[Site "Victoria"]
[Date "2018.03.31"]
[Round "3.11"]
[White "Gansvind, Valeriya I"]
[Black "Gu, Chuyang"]
[Result "1-0"]
[WhiteElo "2157"]
[BlackElo "1917"]
[PlyCount "69"]
[EventDate "2018.03.30"]
[EventType "swiss"]
[EventRounds "6"]
[EventCountry "CAN"]
[SourceTitle "EXT 2022"]
[Source "ChessBase"]
[SourceDate "2021.10.06"]
[SourceVersion "1"]
[SourceVersionDate "2021.10.06"]
[SourceQuality "1"]

1. d4 Nf6 2. Nf3 e6 3. e3 b6 4. Bd3 Bb7 5. Nbd2 d5 6. a3 Nbd7 7. b3 c5 8. Bb2 Bd6 9. Ne5 Qc7 10. f4 a6 11. Qe2 b5 12. c4 bxc4 13. bxc4 Nb6 14. a4 Ne4 15. a5 Nd7 16. cxd5 exd5 17. Bxe4 dxe4 18. Nxd7 Qxd7 19. Nc4 cxd4 20. Nxd6+ Qxd6 21. Bxd4 0-0 22. 0-0 f5 23. Rfd1 Qe6 24. Rab1 Bc6 25. Rb6 Rfc8 26. Rxa6 Bb5 27. Rxe6 Bxe2 28. Ra1 Ba6 29. Re7 g6 30. Rg7+ Kf8 31. Rxh7 Rd8 32. Kf2 Bd3 33. h4 Ra6 34. Rc1 Kg8 35. Rh8+ 1-0

[Event "Langley op"]
[Site "Langley"]
[Date "2017.09.04"]
[Round "5.7"]
[White "Lehingrat, Callum"]
[Black "Gu, Chuyang"]
[Result "1/2-1/2"]
[WhiteElo "1841"]
[BlackElo "1735"]
[PlyCount "85"]
[EventDate "2017.09.02"]
[EventType "swiss"]
[EventRounds "6"]
[EventCountry "CAN"]
[SourceTitle "EXT 2022"]
[Source "ChessBase"]
[SourceDate "2021.10.06"]
[SourceVersion "1"]
[SourceVersionDate "2021.10.06"]
[SourceQuality "1"]

1. d4 Nf6 2. c4 e6 3. g3 d5 4. Bg2 dxc4 5. Nf3 Nc6 6. 0-0 Be7 7. Qa4 0-0 8. Qxc4 h6 9. Nc3 a6 10. Rd1 Bd6 11. e4 Nd7 12. Qe2 b5 13. e5 Bb4 14. Ne1 Bb7 15. Nxb5 Bxe1 16. Rxe1 axb5 17. Qxb5 Nxd4 18. Qxb7 Nc2 19. Qxa8 Qxa8 20. Bxa8 Nxe1 21. Be4 Nc5 22. Be3 Nxe4 23. Rxe1 Rd8 24. Rc1 Rb8 25. Rc4 Ng5 26. Bxg5 hxg5 27. b3 Rb7 28. Kg2 f6 29. Kf3 Kf7 30. Ke4 Ke7 31. Kd4 Kd7 32. exf6 gxf6 33. Kc3 Rb5 34. Rd4+ Kc6 35. a4 Re5 36. b4 Re2 37. Rd2 Re4 38. Kb3 g4 39. Rc2+ Kb6 40. a5+ Kb7 41. Ka4 c6 42. Kb3 f5 43. Rc1 1/2-1/2

[Event "British Columbia-ch U20"]
[Site "Richmond"]
[Date "2016.11.12"]
[Round "2.6"]
[White "Gu, Chuyang"]
[Black "Zhu, Brandon"]
[Result "0-1"]
[WhiteElo "1751"]
[BlackElo "1849"]
[PlyCount "90"]
[EventDate "2016.11.11"]
[EventType "swiss"]
[EventRounds "5"]
[EventCountry "CAN"]
[SourceTitle "EXT 2022"]
[Source "ChessBase"]
[SourceDate "2021.10.06"]
[SourceVersion "1"]
[SourceVersionDate "2021.10.06"]
[SourceQuality "1"]

1. e4 d6 2. d4 Nf6 3. Nc3 e5 4. Nf3 Nbd7 5. Bc4 Be7 6. 0-0 0-0 7. Re1 a6 8. a4 b6 9. Ne2 Bb7 10. Ng3 exd4 11. Nxd4 Ne5 12. Bf1 g6 13. f4 Nc6 14. Nxc6 Bxc6 15. f5 Nd7 16. Bh6 Re8 17. fxg6 hxg6 18. Qg4 Ne5 19. Qh3 Bd7 20. Nf5 gxf5 21. exf5 Bf6 22. Qg3+ Kh7 23. Qh3 Bxf5 24. Qxf5+ Kxh6 25. Re3 Kg7 26. g4 Qd7 27. Rxe5 Qxf5 28. Rxf5 Bxb2 29. Rd1 Re5 30. Bc4 Rxf5 31. gxf5 Kf6 32. Rf1 c6 33. Rb1 Be5 34. h3 b5 35. axb5 axb5 36. Bb3 Rg8+ 37. Kf2 Rg5 38. Ke2 Rg2+ 39. Kd3 Rg3+ 40. Kd2 Rxh3 41. Rg1 c5 42. Bd5 Rh2+ 43. Kc1 Rf2 44. Rh1 Rxf5 45. Rh7 Bf4+ 0-1